00722nam a2200157Ia 4500008004100000020002200041041001200063100008600075245004300161260003800204440002100242650009200263942000700355999001900362952018300381231221s9999 xx 000 0 und d a978-1-4614-5671-1 aEnglish aSuresh Subramaniam, Maïté Brandt-Pearce, Piet Demeester, Chava Vijaya Saradhi 0aCross-Layer Design in Optical Networks c2013bSpringer New YorkaNew York aOptical Networks aEngineering Design; Computer Communication Networks; Signal,Image and Speech Processing cEB c227085d227085 r2024-01-26 00:00:00l0pEB9512h15uhttp://link.springer.com/openurl?genre=book&isbn=978-1-4614-5670-4w2024-01-26yEB1040708CL00aMLbMLcCLd0000-00-00K20163GRSF1V0W0